| 000 | 01046nam a2200313 i 4500 | ||
|---|---|---|---|
| 001 | C2-0322944 | ||
| 003 | PPAK | ||
| 005 | 20210613123130.0 | ||
| 008 | 130918s2013 my a j | 0 may d | ||
| 020 |
_a9789671134924 _qpaperback |
||
| 040 |
_aPPAK _beng _cPPAK _erda |
||
| 082 | 0 | 4 |
_a153.8 _223 |
| 090 | 0 | 0 |
_a153.8 _bHID _dK |
| 245 | 0 | 0 |
_aHidup tanpa stress : _nJilid 2 / _cEditor : Shamila Pathmanathan, Nor Aslina Mamat, Faudziah Bedu, Lily Tay |
| 264 | 1 |
_aSeri Kembangan, Selangor : _bMindamax, _c2013 |
|
| 300 |
_a86 pages : _bcolour illustrations ; _c22 cm |
||
| 336 |
_2rdacontent _atext |
||
| 337 |
_2rdamedia _aunmediated |
||
| 338 |
_2rdacarrier _avolume |
||
| 490 | 1 | _aSiri jati diri | |
| 650 | 1 | 0 |
_aSelf-actualization (Psychology) _vJuvenile literature |
| 650 | 2 | 0 |
_aMotivation (Psychology) _vJuvenile literature. |
| 700 | 0 |
_aShamila Pathmanathan, _eeditor. |
|
| 700 | 0 |
_aNor Aslina Mamat, _eeditor. |
|
| 700 | 0 |
_aFaudziah Bedu, _eeditor. |
|
| 700 | 1 |
_aLily, Tay , _eeditor. |
|
| 830 | 0 | _aSiri jati diri | |
| 942 |
_cB _2ddc |
||
| 999 |
_c123167 _d123167 |
||